<?xml version="1.0" encoding="UTF-8"?>
<record
    xmlns:xsi="http://www.w3.org/2001/XMLSchema-instance"
    xsi:schemaLocation="http://www.loc.gov/MARC21/slim http://www.loc.gov/standards/marcxml/schema/MARC21slim.xsd"
    xmlns="http://www.loc.gov/MARC21/slim">

  <leader>00567nam a2200193Ia 4500</leader>
  <datafield tag="999" ind1=" " ind2=" ">
    <subfield code="c">65108</subfield>
    <subfield code="d">65108</subfield>
  </datafield>
  <controlfield tag="003">GCL</controlfield>
  <controlfield tag="005">20240530110807.0</controlfield>
  <controlfield tag="008">140319s9999    xx            000 0 ara d</controlfield>
  <datafield tag="040" ind1=" " ind2=" ">
    <subfield code="a">GCL / </subfield>
    <subfield code="c">GCL</subfield>
  </datafield>
  <datafield tag="082" ind1="0" ind2="4">
    <subfield code="a">640 /</subfield>
    <subfield code="b">&#x634; &#x62F;</subfield>
  </datafield>
  <datafield tag="100" ind1="1" ind2=" ">
    <subfield code="a">&#x645;&#x624;&#x633;&#x633;&#x629; &#x627;&#x644;&#x62F;&#x64A;&#x627;&#x631;</subfield>
  </datafield>
  <datafield tag="245" ind1="1" ind2="0">
    <subfield code="a">&#x62F;&#x644;&#x64A;&#x644;&#x643; &#x633;&#x64A;&#x62F;&#x62A;&#x649; : &#x62F;&#x644;&#x64A;&#x644; &#x627;&#x644;&#x645;&#x631;&#x627;&#x629; .  &#x62C;&#x645;&#x627;&#x644; &#x627;&#x644;&#x648;&#x62C;&#x647; /</subfield>
    <subfield code="c">&#x645;&#x624;&#x633;&#x633;&#x629; &#x627;&#x644;&#x62F;&#x64A;&#x627;&#x631;</subfield>
  </datafield>
  <datafield tag="300" ind1=" " ind2=" ">
    <subfield code="a">772 &#x635;</subfield>
  </datafield>
  <datafield tag="490" ind1=" " ind2=" ">
    <subfield code="a">&#x62F;&#x644;&#x64A;&#x644;&#x643; &#x633;&#x64A;&#x62F;&#x62A;&#x649;</subfield>
    <subfield code="v">0</subfield>
  </datafield>
  <datafield tag="650" ind1="0" ind2="4">
    <subfield code="a">&#x627;&#x644;&#x645;&#x631;&#x623;&#x629;</subfield>
  </datafield>
  <datafield tag="650" ind1="0" ind2="4">
    <subfield code="a">&#x627;&#x644;&#x645;&#x631;&#x623;&#x629; - &#x62A;&#x62C;&#x645;&#x64A;&#x644;</subfield>
  </datafield>
  <datafield tag="650" ind1="0" ind2="4">
    <subfield code="a">&#x627;&#x644;&#x627;&#x646;&#x627;&#x642;&#x629; &#x627;&#x644;&#x634;&#x62E;&#x635;&#x64A;&#x629;</subfield>
  </datafield>
  <datafield tag="942" ind1=" " ind2=" ">
    <subfield code="2">ddc</subfield>
    <subfield code="c">BK</subfield>
  </datafield>
  <datafield tag="952" ind1=" " ind2=" ">
    <subfield code="0">0</subfield>
    <subfield code="1">0</subfield>
    <subfield code="2">ddc</subfield>
    <subfield code="4">0</subfield>
    <subfield code="7">0</subfield>
    <subfield code="a">CAI</subfield>
    <subfield code="b">CAI</subfield>
    <subfield code="d">2019-03-12</subfield>
    <subfield code="l">0</subfield>
    <subfield code="o">640 / &#x634; &#x62F;</subfield>
    <subfield code="p">165677</subfield>
    <subfield code="r">2019-03-12 00:00:00</subfield>
    <subfield code="w">2019-03-12</subfield>
    <subfield code="y">BK</subfield>
  </datafield>
  <datafield tag="952" ind1=" " ind2=" ">
    <subfield code="0">0</subfield>
    <subfield code="1">0</subfield>
    <subfield code="2">ddc</subfield>
    <subfield code="4">0</subfield>
    <subfield code="7">0</subfield>
    <subfield code="a">CAI</subfield>
    <subfield code="b">CAI</subfield>
    <subfield code="d">2019-03-12</subfield>
    <subfield code="l">0</subfield>
    <subfield code="o">640 / &#x634; &#x62F;</subfield>
    <subfield code="p">165678</subfield>
    <subfield code="r">2019-03-12 00:00:00</subfield>
    <subfield code="w">2019-03-12</subfield>
    <subfield code="y">BK</subfield>
  </datafield>
</record>
